000 00381cam a22001217a 4500
008 180718b1954 xxu||||| |||| 00| 0 eng d
082 _aDx42 R336
100 _aReynolds, P. A.
245 _aBritish foreign policy in the inter-war years
_cby P. A. Reynolds
260 _aLondon
_bLongmans, Green
_c1954
300 _axi, 182p
650 _aGreat Britain --Foreign relations --1910-1936
999 _c425239
_d425239